Metodologické aspekty štruktúrnych modelov a ich aplikácie v plánovaní poľnohospodárskej výroby kandidátska dizertačná práca

Salvato in:
Dettagli Bibliografici
Autore principale: Oravcová, Mária
Ente Autore: Vysoká škola ekonomická v Bratislave
Altri autori: Pitel, Jozef
Natura: Libro
Lingua:slovacco
Pubblicazione: Bratislava 1989
Tags: Aggiungi Tag
Nessun Tag, puoi essere il primo ad aggiungerne!!

MARC

LEADER 00000nam a2200000 4500
001 c034288
005 20221215070846.8
041 0 |a slo 
044 |a SK 
245 1 0 |a Metodologické aspekty štruktúrnych modelov a ich aplikácie v plánovaní poľnohospodárskej výroby  |b kandidátska dizertačná práca  |c Mária Oravcová ; ved. práce Jozef Pitel 
264 1 |a Bratislava  |c 1989 
300 |a 168 s. 
100 1 |a Oravcová, Mária 
700 1 |a Pitel, Jozef 
710 2 |a Vysoká škola ekonomická v Bratislave